[Event "DEM U14w 2021"]
[Site "Willingen GER"]
[Date "2021.08.29"]
[Round "9"]
[White "Luzgina, Anastasija"]
[Black "Marrufo, Emilia"]
[Result "1-0"]
[Termination "normal"]
[Board "11"]
[WhiteElo "1548"]
[BlackElo "1020"]
[WhiteClock "01:36:56"]
[BlackClock "01:28:02"]
[PlyCount "59"]
[WhiteFideId "24280860"]
[BlackFideId "16287363"]
[EventCountry "GER"]
[EventRounds "9"]
[EventType "swiss"]
[EventDate "2021.08.22"]

1. e4 {[%clk 01:30:57]} {[%emt 00:00:02]} e5 {[%clk 01:30:51]} {[%emt
00:00:10]} 2. Nf3 {[%clk 01:31:21]} {[%emt 00:00:06]} Nc6 {[%clk 01:30:52]}
{[%emt 00:00:29]} 3. d4 {[%clk 01:31:41]} {[%emt 00:00:10]} exd4 {[%clk
01:30:50]} {[%emt 00:00:32]} 4. Nxd4 {[%clk 01:32:00]} {[%emt 00:00:10]} Bc5
{[%clk 01:31:04]} {[%emt 00:00:17]} 5. Nxc6 {[%clk 01:31:34]} {[%emt 00:00:56]}
Qf6 {[%clk 01:31:00]} {[%emt 00:00:34]} 6. Qd2 {[%clk 01:30:21]} {[%emt
00:01:43]} Qxc6 {[%clk 01:30:40]} {[%emt 00:00:50]} 7. Bd3 {[%clk 01:30:26]}
{[%emt 00:00:23]} Nf6 {[%clk 01:30:06]} {[%emt 00:01:06]} 8. Nc3 {[%clk
01:30:42]} {[%emt 00:00:14]} d6 {[%clk 01:29:57]} {[%emt 00:00:39]} 9. Bb5
{[%clk 01:31:06]} {[%emt 00:00:06]} Qxb5 {[%clk 01:29:26]} {[%emt 00:01:05]}
10. Nxb5 {[%clk 01:31:26]} {[%emt 00:00:06]} O-O {[%clk 01:28:39]} {[%emt
00:01:17]} 11. Qd3 {[%clk 01:31:26]} {[%emt 00:00:29]} a6 {[%clk 01:28:52]}
{[%emt 00:00:18]} 12. Nxc7 {[%clk 01:31:48]} {[%emt 00:00:07]} Rb8 {[%clk
01:28:51]} {[%emt 00:00:32]} 13. O-O {[%clk 01:32:08]} {[%emt 00:00:09]} Bb6
{[%clk 01:28:42]} {[%emt 00:00:40]} 14. Nd5 {[%clk 01:32:30]} {[%emt 00:00:08]}
Nxd5 {[%clk 01:28:56]} {[%emt 00:00:15]} 15. Qxd5 {[%clk 01:32:52]} {[%emt
00:00:08]} Bc5 {[%clk 01:28:24]} {[%emt 00:01:03]} 16. Be3 {[%clk 01:32:58]}
{[%emt 00:00:24]} b6 {[%clk 01:28:12]} {[%emt 00:00:42]} 17. Bxc5 {[%clk
01:32:41]} {[%emt 00:00:47]} dxc5 {[%clk 01:28:21]} {[%emt 00:00:21]} 18. Rad1
{[%clk 01:33:02]} {[%emt 00:00:10]} Be6 {[%clk 01:28:04]} {[%emt 00:00:46]} 19.
Qd6 {[%clk 01:33:16]} {[%emt 00:00:13]} Bxa2 {[%clk 01:26:26]} {[%emt
00:02:10]} 20. b3 {[%clk 01:33:37]} {[%emt 00:00:09]} c4 {[%clk 01:26:39]}
{[%emt 00:00:17]} 21. Qa3 {[%clk 01:33:42]} {[%emt 00:00:24]} cxb3 {[%clk
01:26:51]} {[%emt 00:00:19]} 22. cxb3 {[%clk 01:34:03]} {[%emt 00:00:08]} Bxb3
{[%clk 01:27:13]} {[%emt 00:00:09]} 23. Qxb3 {[%clk 01:34:28]} {[%emt
00:00:05]} a5 {[%clk 01:27:14]} {[%emt 00:00:30]} 24. Rd7 {[%clk 01:34:39]}
{[%emt 00:00:18]} Rbd8 {[%clk 01:26:55]} {[%emt 00:00:50]} 25. Rxd8 {[%clk
01:35:02]} {[%emt 00:00:07]} Rxd8 {[%clk 01:27:14]} {[%emt 00:00:11]} 26. Rd1
{[%clk 01:35:23]} {[%emt 00:00:08]} Rf8 {[%clk 01:27:29]} {[%emt 00:00:39]} 27.
Qxb6 {[%clk 01:35:44]} a4 {[%clk 01:27:42]} {[%emt 00:00:02]} 28. Rd8 {[%clk
01:36:06]} {[%emt 00:00:07]} h6 {[%clk 01:27:47]} {[%emt 00:00:27]} 29. Rxf8+
{[%clk 01:36:27]} {[%emt 00:00:09]} Kxf8 {[%clk 01:28:02]} {[%emt 00:00:15]}
30. Qd8# {[%clk 01:36:56]} {[%emt 00:00:01]} 1-0

[Event "DEM U14w 2021"]
[Site "Willingen GER"]
[Date "2021.08.29"]
[Round "9"]
[White "Stepanjan, Marianne"]
[Black "Fiedler, Annabelle"]
[Result "1-0"]
[Termination "normal"]
[Board "12"]
[WhiteElo "1392"]
[BlackElo "937"]
[WhiteClock "00:09:12"]
[BlackClock "01:07:36"]
[PlyCount "87"]
[WhiteFideId "16246110"]
[BlackFideId "34605835"]
[EventCountry "GER"]
[EventRounds "9"]
[EventType "swiss"]
[EventDate "2021.08.22"]

1. e4 {[%clk 01:30:57]} {[%emt 00:00:03]} c5 {[%clk 01:30:58]} {[%emt
00:00:02]} 2. Nf3 {[%clk 01:31:20]} {[%emt 00:00:07]} Nc6 {[%clk 01:31:22]}
{[%emt 00:00:05]} 3. d4 {[%clk 01:31:46]} {[%emt 00:00:05]} cxd4 {[%clk
01:31:47]} {[%emt 00:00:05]} 4. Nxd4 {[%clk 01:32:11]} {[%emt 00:00:05]} Nf6
{[%clk 01:32:11]} {[%emt 00:00:06]} 5. Nc3 {[%clk 01:32:36]} {[%emt 00:00:06]}
g6 {[%clk 01:32:35]} {[%emt 00:00:05]} 6. Bc4 {[%clk 01:32:38]} {[%emt
00:00:29]} Bg7 {[%clk 01:32:53]} {[%emt 00:00:11]} 7. Be3 {[%clk 01:32:47]}
{[%emt 00:00:21]} O-O {[%clk 01:33:14]} {[%emt 00:00:10]} 8. Qd2 {[%clk
01:32:26]} {[%emt 00:00:50]} Ng4 {[%clk 01:33:29]} {[%emt 00:00:16]} 9. Nxc6
{[%clk 01:31:20]} {[%emt 00:01:37]} dxc6 {[%clk 01:33:05]} {[%emt 00:00:54]}
10. O-O-O {[%clk 01:24:48]} {[%emt 00:07:02]} Qa5 {[%emt 00:14:41]} 11. h3
{[%clk 00:57:07]} {[%emt 00:17:25]} Nxe3 {[%clk 01:27:25]} {[%emt 00:02:44]}
12. Qxe3 {[%clk 00:56:46]} {[%emt 00:00:51]} Rd8 {[%clk 01:27:17]} {[%emt
00:00:38]} 13. Rxd8+ {[%clk 00:52:50]} {[%emt 00:04:26]} Qxd8 {[%clk 01:27:40]}
{[%emt 00:00:07]} 14. Rd1 {[%clk 00:50:04]} {[%emt 00:03:16]} Qf8 {[%clk
01:27:48]} {[%emt 00:00:22]} 15. Qg3 {[%clk 00:38:34]} {[%emt 00:11:55]} Bh6+
{[%clk 01:27:49]} {[%emt 00:00:33]} 16. Kb1 {[%clk 00:38:44]} {[%emt 00:00:19]}
Be6 {[%clk 01:26:46]} {[%emt 00:01:33]} 17. Bxe6 {[%clk 00:32:06]} {[%emt
00:07:08]} fxe6 {[%emt 00:00:21]} 18. f3 {[%clk 00:27:37]} {[%emt 00:04:50]}
Rd8 {[%clk 01:25:40]} {[%emt 00:01:56]} 19. Qe1 {[%clk 00:24:43]} {[%emt
00:03:22]} b5 {[%clk 01:22:50]} {[%emt 00:03:20]} 20. Ne2 {[%clk 00:22:13]}
{[%emt 00:03:01]} a5 {[%clk 01:18:59]} {[%emt 00:04:22]} 21. Nd4 {[%clk
00:21:06]} {[%emt 00:01:36]} Rd6 {[%clk 01:19:22]} {[%emt 00:00:08]} 22. e5
{[%clk 00:20:23]} {[%emt 00:01:12]} Rd5 {[%clk 01:17:58]} {[%emt 00:01:53]} 23.
Nxc6 {[%clk 00:17:47]} {[%emt 00:03:06]} Qe8 {[%clk 01:17:28]} {[%emt
00:01:01]} 24. Nxa5 {[%clk 00:17:06]} {[%emt 00:01:10]} Qd8 {[%clk 01:16:54]}
{[%emt 00:01:04]} 25. Rxd5 {[%clk 00:15:56]} {[%emt 00:01:29]} Qxd5 {[%clk
01:17:22]} {[%emt 00:00:14]} 26. Nb3 {[%clk 00:15:26]} {[%emt 00:01:00]} Bf4
{[%clk 01:16:24]} {[%emt 00:01:26]} 27. Qe2 {[%clk 00:15:20]} {[%emt 00:00:38]}
Bxe5 {[%clk 01:16:08]} {[%emt 00:00:45]} 28. Qd3 {[%clk 00:15:16]} {[%emt
00:00:34]} Qxd3 {[%clk 01:15:11]} {[%emt 00:01:28]} 29. cxd3 {[%clk 00:15:27]}
{[%emt 00:00:17]} Bf4 {[%clk 01:15:10]} {[%emt 00:00:32]} 30. Nd4 {[%clk
00:15:47]} {[%emt 00:00:10]} e5 {[%clk 01:13:43]} {[%emt 00:01:57]} 31. Nxb5
{[%clk 00:16:10]} {[%emt 00:00:07]} Kf7 {[%clk 01:13:38]} {[%emt 00:00:34]} 32.
Kc2 {[%clk 00:16:02]} {[%emt 00:00:39]} Ke6 {[%clk 01:13:51]} {[%emt 00:00:17]}
33. Kc3 {[%clk 00:15:19]} {[%emt 00:01:12]} Kd7 {[%clk 01:13:05]} {[%emt
00:01:17]} 34. a4 {[%clk 00:14:55]} {[%emt 00:00:55]} Kc6 {[%clk 01:13:14]}
{[%emt 00:00:21]} 35. Kc4 {[%clk 00:15:06]} {[%emt 00:00:18]} e4 {[%clk
01:12:18]} {[%emt 00:01:26]} 36. fxe4 {[%clk 00:15:06]} {[%emt 00:00:29]} Kb6
{[%clk 01:12:31]} {[%emt 00:00:17]} 37. b4 {[%clk 00:15:22]} {[%emt 00:00:14]}
e5 {[%clk 01:10:26]} {[%emt 00:02:35]} 38. Nc3 {[%clk 00:13:09]} {[%emt
00:02:43]} Bg5 {[%clk 01:10:05]} {[%emt 00:00:52]} 39. Nd5+ {[%clk 00:11:33]}
{[%emt 00:02:06]} Ka6 {[%clk 01:10:07]} {[%emt 00:00:29]} 40. b5+ {[%clk
00:11:22]} {[%emt 00:00:41]} Kb7 {[%clk 01:09:53]} {[%emt 00:00:43]} 41. a5
{[%clk 00:11:31]} {[%emt 00:00:22]} Bd8 {[%clk 01:09:51]} {[%emt 00:00:30]} 42.
a6+ {[%clk 00:11:36]} {[%emt 00:00:26]} Ka7 {[%clk 01:09:50]} {[%emt 00:00:32]}
43. Kc5 {[%clk 00:09:05]} {[%emt 00:03:00]} Ba5 {[%clk 01:07:36]} {[%emt
00:18:30]} 44. Kd6 {[%clk 00:09:12]} 1-0

[Event "DEM U14w 2021"]
[Site "Willingen GER"]
[Date "2021.08.29"]
[Round "9"]
[White "Hellenbroich, Helene"]
[Black "Malmström, Eva"]
[Result "0-1"]
[Termination "normal"]
[Board "13"]
[WhiteElo "1378"]
[BlackElo "1348"]
[WhiteClock "01:01:26"]
[BlackClock "01:15:08"]
[PlyCount "40"]
[WhiteFideId "16270754"]
[BlackFideId "34607072"]
[EventCountry "GER"]
[EventRounds "9"]
[EventType "swiss"]
[EventDate "2021.08.22"]

1. e4 {[%clk 01:30:57]} {[%emt 00:00:03]} e5 {[%clk 01:30:52]} {[%emt
00:00:08]} 2. Nf3 {[%clk 01:31:21]} {[%emt 00:00:06]} Nf6 {[%clk 01:31:06]}
{[%emt 00:00:16]} 3. Nxe5 {[%clk 01:30:34]} {[%emt 00:01:18]} d6 {[%clk
01:31:28]} {[%emt 00:00:08]} 4. Nf3 {[%clk 01:30:22]} {[%emt 00:00:41]} Nxe4
{[%clk 01:31:40]} {[%emt 00:00:19]} 5. d4 {[%clk 01:30:42]} {[%emt 00:00:09]}
d5 {[%clk 01:31:42]} {[%emt 00:00:29]} 6. Bd3 {[%clk 01:30:53]} {[%emt
00:00:18]} Be7 {[%clk 01:30:42]} {[%emt 00:01:30]} 7. O-O {[%clk 01:30:39]}
{[%emt 00:00:44]} O-O {[%clk 01:29:37]} {[%emt 00:01:35]} 8. Re1 {[%clk
01:29:52]} {[%emt 00:01:16]} Nd6 {[%clk 01:27:57]} {[%emt 00:02:11]} 9. Qe2
{[%clk 01:21:39]} {[%emt 00:08:44]} Re8 {[%clk 01:26:34]} {[%emt 00:01:52]} 10.
c4 {[%clk 01:18:10]} {[%emt 00:04:12]} Bf6 {[%clk 01:23:19]} {[%emt 00:03:32]}
11. Qc2 {[%clk 01:17:01]} {[%emt 00:01:39]} Rxe1+ {[%clk 01:21:46]} {[%emt
00:02:03]} 12. Nxe1 {[%clk 01:17:02]} {[%emt 00:00:30]} dxc4 {[%clk 01:19:40]}
{[%emt 00:02:35]} 13. Bxh7+ {[%clk 01:14:24]} {[%emt 00:03:08]} Kh8 {[%clk
01:19:27]} {[%emt 00:00:43]} 14. Nf3 {[%clk 01:13:01]} {[%emt 00:01:52]} Nc6
{[%clk 01:18:34]} {[%emt 00:01:24]} 15. Na3 {[%clk 01:07:49]} {[%emt 00:05:42]}
Bg4 {[%clk 01:15:41]} {[%emt 00:03:23]} 16. d5 {[%clk 01:03:39]} {[%emt
00:04:41]} Bxf3 {[%clk 01:15:09]} {[%emt 00:01:01]} 17. gxf3 {[%clk 01:02:30]}
{[%emt 00:01:39]} Nd4 {[%clk 01:15:18]} {[%emt 00:00:21]} 18. Qb1 {[%clk
01:01:54]} {[%emt 00:01:07]} Ne2+ {[%clk 01:14:43]} {[%emt 00:01:04]} 19. Kg2
{[%clk 01:01:06]} {[%emt 00:01:18]} Nxc1 {[%clk 01:14:55]} {[%emt 00:00:18]}
20. Qxc1 {[%clk 01:01:26]} {[%emt 00:00:10]} Kxh7 {[%clk 01:15:08]} {[%emt
00:00:18]} 0-1

[Event "DEM U12 2021"]
[Site "Willingen GER"]
[Date "2021.08.23"]
[Round "1"]
[White "Xue, Luka"]
[Black "Helms, Finn"]
[Result "0-1"]
[Termination "normal"]
[Board "1"]
[WhiteElo "1496"]
[BlackElo "1972"]
[WhiteClock "00:34:23"]
[BlackClock "00:38:11"]
[PlyCount "46"]
[WhiteFideId "16277252"]
[BlackFideId "16249143"]
[EventCountry "GER"]
[EventRounds "9"]
[EventType "swiss"]
[EventDate "2021.08.22"]

1. d4 {[%clk 01:30:32]} {[%emt 00:00:27]} Nf6 {[%clk 01:30:50]} {[%emt
00:00:11]} 2. c4 {[%clk 01:30:32]} {[%emt 00:00:30]} g6 {[%clk 01:31:11]}
{[%emt 00:00:09]} 3. f3 {[%clk 01:30:14]} {[%emt 00:00:48]} d5 {[%clk
01:30:03]} {[%emt 00:01:38]} 4. cxd5 {[%clk 01:30:15]} {[%emt 00:00:29]} Nxd5
{[%clk 01:27:51]} {[%emt 00:02:41]} 5. e4 {[%clk 01:30:21]} {[%emt 00:00:25]}
Nb6 {[%clk 01:21:45]} {[%emt 00:06:36]} 6. Nc3 {[%clk 01:29:50]} {[%emt
00:01:01]} Bg7 {[%clk 01:19:31]} {[%emt 00:02:44]} 7. Be3 {[%clk 01:29:20]}
{[%emt 00:01:01]} O-O {[%clk 01:18:03]} {[%emt 00:01:57]} 8. Qd2 {[%clk
01:28:20]} {[%emt 00:01:29]} Nc6 {[%clk 01:15:57]} {[%emt 00:02:37]} 9. O-O-O
{[%clk 01:27:12]} {[%emt 00:01:38]} a5 {[%clk 01:12:59]} {[%emt 00:03:29]} 10.
h4 {[%clk 01:24:42]} {[%emt 00:03:00]} a4 {[%clk 01:05:48]} {[%emt 00:07:40]}
11. h5 {[%clk 01:23:44]} {[%emt 00:01:27]} Na5 {[%clk 01:01:54]} {[%emt
00:04:23]} 12. hxg6 {[%clk 01:21:11]} {[%emt 00:03:04]} fxg6 {[%clk 01:01:43]}
{[%emt 00:00:41]} 13. Bh6 {[%clk 01:15:21]} {[%emt 00:06:20]} Rf7 {[%clk
00:58:54]} {[%emt 00:03:19]} 14. Bxg7 {[%clk 01:13:31]} {[%emt 00:02:21]} Rxg7
{[%clk 00:56:51]} {[%emt 00:02:33]} 15. Nh3 {[%clk 01:10:37]} {[%emt 00:03:25]}
Bxh3 {[%clk 00:56:27]} {[%emt 00:00:54]} 16. Rxh3 {[%clk 01:10:48]} {[%emt
00:00:19]} c6 {[%clk 00:53:57]} {[%emt 00:03:00]} 17. Qc2 {[%clk 01:09:12]}
{[%emt 00:02:07]} Nbc4 {[%clk 00:46:06]} {[%emt 00:08:19]} 18. Bxc4+ {[%clk
01:07:58]} {[%emt 00:01:45]} Nxc4 {[%clk 00:45:16]} {[%emt 00:01:20]} 19. Nxa4
{[%clk 01:00:34]} {[%emt 00:07:53]} b5 {[%clk 00:43:52]} {[%emt 00:01:54]} 20.
Nc3 {[%clk 00:59:06]} {[%emt 00:01:59]} Kh8 {[%clk 00:41:36]} {[%emt 00:02:45]}
21. Qd3 {[%clk 00:47:19]} {[%emt 00:12:14]} Qa5 {[%clk 00:37:56]} {[%emt
00:04:13]} 22. b3 {[%clk 00:38:57]} {[%emt 00:08:53]} Qa3+ {[%clk 00:38:11]}
{[%emt 00:00:15]} 23. Kb1 {[%clk 00:34:23]} {[%emt 00:05:03]} Qb2# {[%emt
00:00:37]} 0-1

[Event "DEM U12 2021"]
[Site "Willingen GER"]
[Date "2021.08.23"]
[Round "1"]
[White "Besou, Hussain"]
[Black "Kullmann, Max"]
[Result "1-0"]
[Termination "normal"]
[Board "2"]
[WhiteElo "1856"]
[BlackElo "1411"]
[WhiteClock "01:08:33"]
[BlackClock "00:41:50"]
[PlyCount "55"]
[WhiteFideId "16269950"]
[BlackFideId "16218574"]
[EventCountry "GER"]
[EventRounds "9"]
[EventType "swiss"]
[EventDate "2021.08.22"]

1. e4 {[%clk 01:30:56]} {[%emt 00:00:03]} d5 {[%clk 01:30:53]} {[%emt
00:00:07]} 2. exd5 {[%clk 01:31:18]} {[%emt 00:00:09]} Qxd5 {[%clk 01:31:11]}
{[%emt 00:00:12]} 3. Nc3 {[%clk 01:31:41]} {[%emt 00:00:06]} Qa5 {[%clk
01:31:33]} {[%emt 00:00:08]} 4. d4 {[%clk 01:32:07]} {[%emt 00:00:05]} c6
{[%clk 01:31:59]} {[%emt 00:00:04]} 5. Bd2 {[%clk 01:31:49]} {[%emt 00:00:47]}
Qc7 {[%clk 01:32:18]} {[%emt 00:00:10]} 6. Bc4 {[%clk 01:32:03]} {[%emt
00:00:17]} e6 {[%clk 01:31:52]} {[%emt 00:00:56]} 7. Nf3 {[%clk 01:31:44]}
{[%emt 00:00:49]} Nf6 {[%clk 01:31:37]} {[%emt 00:00:45]} 8. Qe2 {[%clk
01:31:51]} {[%emt 00:00:24]} Bd6 {[%clk 01:22:00]} {[%emt 00:10:06]} 9. O-O-O
{[%clk 01:23:52]} {[%emt 00:08:31]} O-O {[%clk 01:20:22]} {[%emt 00:02:07]} 10.
Ne4 {[%clk 01:20:20]} {[%emt 00:04:02]} Nxe4 {[%clk 01:18:29]} {[%emt
00:02:22]} 11. Qxe4 {[%clk 01:19:25]} {[%emt 00:01:26]} Nd7 {[%clk 01:18:25]}
{[%emt 00:00:33]} 12. Qh4 {[%clk 01:17:52]} {[%emt 00:02:04]} h6 {[%clk
01:17:24]} {[%emt 00:01:31]} 13. Bd3 {[%clk 01:11:24]} {[%emt 00:06:58]} Re8
{[%clk 01:14:53]} {[%emt 00:03:00]} 14. g4 {[%clk 01:10:19]} {[%emt 00:01:36]}
Nf6 {[%clk 00:57:40]} {[%emt 00:17:43]} 15. g5 {[%clk 01:09:19]} {[%emt
00:01:31]} hxg5 {[%clk 00:55:57]} {[%emt 00:02:12]} 16. Bxg5 {[%clk 01:09:40]}
{[%emt 00:00:08]} Be7 {[%clk 00:55:57]} {[%emt 00:00:31]} 17. Rhg1 {[%clk
01:08:20]} {[%emt 00:01:50]} Kf8 {[%clk 00:52:29]} {[%emt 00:03:57]} 18. Qh8+
{[%clk 01:08:26]} {[%emt 00:00:24]} Ng8 {[%clk 00:52:36]} {[%emt 00:00:22]} 19.
Bh6 {[%clk 01:06:17]} {[%emt 00:02:40]} Bf6 {[%clk 00:51:43]} {[%emt 00:01:22]}
20. Bxg7+ {[%clk 01:06:31]} {[%emt 00:00:17]} Bxg7 {[%clk 00:51:08]} {[%emt
00:01:05]} 21. Qxg7+ {[%clk 01:06:44]} {[%emt 00:00:16]} Ke7 {[%clk 00:51:21]}
{[%emt 00:00:17]} 22. Ne5 {[%clk 01:07:08]} {[%emt 00:00:07]} Rf8 {[%clk
00:50:47]} {[%emt 00:01:04]} 23. Ng6+ {[%clk 01:07:31]} {[%emt 00:00:07]} Kd7
{[%clk 00:45:39]} {[%emt 00:05:37]} 24. Nxf8+ {[%clk 01:07:42]} {[%emt
00:00:20]} Ke7 {[%clk 00:44:29]} {[%emt 00:01:40]} 25. Qxg8 {[%clk 01:08:01]}
{[%emt 00:00:11]} Bd7 {[%clk 00:44:08]} {[%emt 00:00:52]} 26. Ng6+ {[%clk
01:07:56]} {[%emt 00:00:35]} fxg6 {[%clk 00:43:58]} {[%emt 00:00:40]} 27. Qxa8
Qf4+ {[%clk 00:41:50]} {[%emt 00:02:52]} 28. Kb1 {[%clk 01:08:33]} {[%emt
00:00:09]} 1-0

[Event "DEM U12 2021"]
[Site "Willingen GER"]
[Date "2021.08.23"]
[Round "1"]
[White "Theviot, Luca"]
[Black "Haubold, Sebastian Marcel"]
[Result "1/2-1/2"]
[Termination "normal"]
[Board "3"]
[WhiteElo "1417"]
[BlackElo "1813"]
[WhiteClock "01:18:49"]
[BlackClock "00:24:59"]
[PlyCount "84"]
[WhiteFideId "16277449"]
[BlackFideId "16259637"]
[EventCountry "GER"]
[EventRounds "9"]
[EventType "swiss"]
[EventDate "2021.08.22"]

1. d4 {[%clk 01:30:59]} {[%emt 00:00:01]} Nf6 {[%clk 01:30:52]} {[%emt
00:00:08]} 2. Nf3 {[%clk 01:31:21]} {[%emt 00:00:08]} g6 {[%clk 01:31:03]}
{[%emt 00:00:19]} 3. Nbd2 {[%clk 01:31:44]} {[%emt 00:00:07]} Bg7 {[%clk
01:27:46]} {[%emt 00:03:47]} 4. e4 {[%clk 01:32:03]} {[%emt 00:00:12]} d6
{[%clk 01:27:12]} {[%emt 00:01:04]} 5. Bc4 {[%clk 01:32:23]} {[%emt 00:00:10]}
O-O {[%clk 01:27:15]} {[%emt 00:00:27]} 6. O-O {[%clk 01:32:43]} {[%emt
00:00:09]} Nc6 {[%clk 01:22:50]} {[%emt 00:04:56]} 7. c3 {[%clk 01:32:36]}
{[%emt 00:00:37]} e5 {[%clk 01:14:17]} {[%emt 00:09:02]} 8. dxe5 {[%clk
01:32:58]} {[%emt 00:00:08]} dxe5 {[%clk 01:13:22]} {[%emt 00:01:25]} 9. Qe2
{[%clk 01:31:48]} {[%emt 00:01:39]} Nh5 {[%clk 01:10:10]} {[%emt 00:03:43]} 10.
Nb3 {[%clk 01:31:00]} {[%emt 00:01:19]} Nf4 {[%clk 01:00:46]} {[%emt 00:09:54]}
11. Bxf4 {[%clk 01:30:53]} {[%emt 00:00:36]} exf4 {[%clk 01:00:51]} {[%emt
00:00:26]} 12. Rad1 {[%clk 01:30:02]} {[%emt 00:01:21]} Qe7 {[%clk 00:58:39]}
{[%emt 00:02:41]} 13. Nbd4 {[%clk 01:29:00]} {[%emt 00:01:33]} Ne5 {[%clk
00:55:12]} {[%emt 00:03:57]} 14. Nxe5 {[%clk 01:28:09]} {[%emt 00:01:21]} Bxe5
{[%clk 00:55:16]} {[%emt 00:00:26]} 15. Nf3 {[%clk 01:28:19]} {[%emt 00:00:20]}
Bg7 {[%clk 00:53:19]} {[%emt 00:02:26]} 16. h3 {[%clk 01:26:46]} {[%emt
00:02:04]} Kh8 {[%clk 00:46:10]} {[%emt 00:07:39]} 17. Rfe1 {[%clk 01:24:57]}
{[%emt 00:02:19]} c5 {[%clk 00:34:18]} {[%emt 00:12:21]} 18. Qd2 {[%clk
01:23:47]} {[%emt 00:01:40]} g5 {[%clk 00:32:24]} {[%emt 00:02:24]} 19. Qd6
{[%clk 01:20:46]} {[%emt 00:03:32]} Qxd6 {[%clk 00:27:33]} {[%emt 00:05:21]}
20. Rxd6 {[%clk 01:21:07]} {[%emt 00:00:08]} h6 {[%clk 00:25:41]} {[%emt
00:02:21]} 21. Red1 {[%clk 01:17:26]} {[%emt 00:04:11]} f5 {[%clk 00:23:13]}
{[%emt 00:02:59]} 22. e5 {[%clk 01:13:11]} {[%emt 00:04:45]} g4 {[%clk
00:20:09]} {[%emt 00:03:33]} 23. Nh4 {[%clk 01:13:05]} {[%emt 00:00:35]} Kh7
{[%clk 00:17:57]} {[%emt 00:02:43]} 24. e6 {[%clk 01:11:03]} {[%emt 00:02:32]}
Be5 {[%clk 00:18:09]} {[%emt 00:00:17]} 25. R6d2 {[%clk 01:04:03]} {[%emt
00:07:31]} Kg7 {[%clk 00:07:07]} {[%emt 00:11:33]} 26. Nxf5+ {[%clk 01:01:51]}
{[%emt 00:02:42]} Kf6 {[%clk 00:05:17]} {[%emt 00:02:20]} 27. e7 {[%clk
00:58:59]} {[%emt 00:03:22]} Bxf5 {[%clk 00:04:32]} {[%emt 00:01:15]} 28.
exf8=Q+ Rxf8 29. hxg4 {[%clk 00:58:20]} {[%emt 00:00:53]} Bxg4 {[%clk
00:04:55]} {[%emt 00:00:07]} 30. f3 {[%clk 00:58:38]} {[%emt 00:00:13]} Bf5
{[%clk 00:04:57]} {[%emt 00:00:27]} 31. Rd8 {[%clk 00:58:17]} {[%emt 00:00:52]}
Rxd8 {[%clk 00:05:00]} {[%emt 00:00:27]} 32. Rxd8 {[%clk 00:58:36]} {[%emt
00:00:11]} a6 {[%clk 00:04:10]} {[%emt 00:01:20]} 33. Kf2 {[%clk 00:55:05]}
{[%emt 00:04:01]} b5 {[%clk 00:03:40]} {[%emt 00:01:00]} 34. Bd3 {[%clk
00:54:31]} {[%emt 00:01:04]} Be6 {[%clk 00:03:53]} {[%emt 00:00:17]} 35. a3
{[%clk 00:53:52]} {[%emt 00:01:10]} c4 {[%clk 00:02:14]} {[%emt 00:02:09]} 36.
Be4 {[%clk 00:53:00]} {[%emt 00:01:21]} a5 {[%clk 00:02:16]} {[%emt 00:00:29]}
37. Ra8 {[%clk 00:52:46]} {[%emt 00:00:43]} b4 {[%clk 00:02:40]} {[%emt
00:00:07]} 38. Rxa5 {[%clk 00:51:07]} {[%emt 00:02:08]} bxc3 {[%clk 00:03:03]}
{[%emt 00:00:08]} 39. Rxe5 {[%clk 00:49:57]} {[%emt 00:01:39]} Kxe5 {[%clk
00:02:52]} {[%emt 00:00:12]} 40. bxc3 {[%clk 00:50:13]} {[%emt 00:00:15]} Bd7
{[%clk 00:02:19]} {[%emt 00:01:31]} 41. Ke2 {[%clk 00:49:39]} {[%emt 00:01:04]}
h5 {[%clk 00:26:59]} {[%emt 00:05:50]} 42. Bc2 {[%clk 01:18:49]} {[%emt
00:01:20]} Kd5 {[%clk 00:24:59]} {[%emt 00:02:29]} 1/2-1/2